Province Capitals of Indonesia - Statistics

General Stats
  • This quiz has been taken 102 times
    90 since last reset
  • The average score is 32 of 38
Answer Stats
Province Answer % Correct
Bali Denpasar
99%
East Java Surabaya
99%
West Java Bandung
97%
Jakarta Capital Special Region Jakarta
97%
Jambi Jambi
97%
Banten Serang
96%
Yogyakarta Special Region Yogyakarta
96%
Aceh Banda Aceh
94%
North Sumatra Medan
94%
West Sumatra Padang
94%
Central Java Semarang
94%
Lampung Bandar Lampung
93%
Bengkulu Bengkulu
93%
South Sumatra Palembang
93%
Gorontalo Gorontalo
91%
Papua Jayapura
90%
East Kalimantan Samarinda
90%
South Sulawesi Makassar
88%
Central Sulawesi Palu
88%
Riau Pekanbaru
88%
West Kalimantan Pontianak
88%
Maluku Ambon
85%
North Sulawesi Manado
85%
South Kalimantan Banjarmasin
84%
East Nusa Tenggara Kupang
84%
West Nusa Tenggara Mataram
84%
Central Kalimantan Palangka Raya
84%
Bangka Belitung Islands Pangkal Pinang
84%
Riau Islands Tanjungpinang
81%
West Papua Manokwari
76%
Southeast Sulawesi Kendari
75%
West Sulawesi Mamuju
75%
North Maluku Sofifi
75%
North Kalimantan Tanjung Selor
73%
South Papua Merauke
70%
Southwest Papua Sorong
70%
Highland Papua Wamena
51%
Central Papua Timika
46%
No matching quizzes found
Score Distribution
Percent of People with Each Score
Percentile by Number Answered
Your Score History
You have not taken this quiz since the last reset